MAT 060 DEVELOPMENAL MATHEMATICS STUDENT RESOURCE GUIDE (Record no. 636)

000 -LEADER
fixed length control field 00340nam a22001217a 4500
008 - FIXED-LENGTH DATA ELEMENTS--GENERAL INFORMATION
fixed length control field 150824b xxu||||| |||| 00| 0 eng d
020 ## - INTERNATIONAL STANDARD BOOK NUMBER
International Standard Book Number 0536308926
082 ## -
Classification number 510 BIT
100 ## - MAIN ENTRY--PERSONAL NAME
Personal name BITTINGER, MARVIN.L
245 ## - TITLE STATEMENT
Title MAT 060 DEVELOPMENAL MATHEMATICS STUDENT RESOURCE GUIDE
250 ## - EDITION STATEMENT
Edition statement 4TH
260 ## - PUBLICATION, DISTRIBUTION, ETC. (IMPRINT)
Place of publication, distribution, etc. NEW YORK
Name of publisher, distributor, etc. PERSON CUSTOM PUBLISHING
Date of publication, distribution, etc. 2006

No items available.

IRDP © 2019 :: Managed by IRDP ICT Unit